| 000 | 00687nam a2200265 a 4500 | ||
|---|---|---|---|
| 003 | AR-BaBNM | ||
| 005 | 20251128205720.0 | ||
| 008 | 082120s2002 ||||||||||||||000 | spa|| | ||
| 020 | _a950-724-552-9 | ||
| 040 | _cAR-BaBNM | ||
| 100 | 1 | _aButterworth, Nick | |
| 245 | 0 | 0 | _aEl baño del tejón |
| 260 |
_aBuenos Aires _bLumen _c1996 |
||
| 300 |
_a20 p. _bil. |
||
| 490 | 0 |
_aEl parque de Tomás _vv. 2 |
|
| 650 | 4 | _aLIBROS PARA NIÑOS | |
| 650 | 4 | _aLITERATURA INFANTIL | |
| 650 | 4 | _aCUENTOS DE ANIMALES | |
| 650 | 4 | _aCUENTOS DE AVENTURAS | |
| 650 | 4 | _aLITERATURA INGLESA | |
| 655 | _aLITERATURA | ||
| 700 | 1 |
_aMakar, Ana María _etraductor |
|
| 942 | _cBK | ||
| 998 | _cMARTIN | ||
| 999 |
_c12524 _d12524 |
||